000 01155nam a2200313 a 4500
001 33263
003 BD-RjUL
005 20211209051956.0
008 140430m1966 enk 000 0 eng u
035 _a(BD-RjUL)33354
040 _aTOL
_dm.c
_dEQO
_beng
_cBD-RjUL
041 _aeng
082 _a301.58
_bSTS V-1 1966
100 1 _aStark, Werner,
_d1909-1985.
_9101004
245 1 4 _aThe sociology of religion :
_ba study of Christendom /
_cWerner Stark.
_nVOLUME ONE
_pEstablished Religion
260 _aLondon :
_bRoutledge & Kegan Paul,
_c1966
300 _axi ,235 p. :
_c23 cm.
505 0 _av.1. Established religion -- v 2. Sectarian religion -- v.3. The universal church -- v. 4. Types of religious man -- v.5.: Types of religious culture.
650 0 _aReligion and sociology
_95230
740 0 2 _aEstablished religion
740 0 2 _aSectarian religion
740 0 2 _aUniversal church
740 0 2 _aTypes of religious man
740 0 2 _aTypes of religious culture
830 0 _aInternational library of sociology and social reconstruction (Routledge & Kegan Paul)
_9101006
942 _2ddc
_cBK
999 _c33263
_d33263